000
00293nam a22001097a 4500
008
230629b xxu||||| |||| 00| 0 eng d
082
_2
7
_a
346.42
_b
HAY.
245
_a
Cases and Commentary on the Law of Trusts
260
_a
London
_b
Stevens & Sons
_c
1980
300
_a
XXXVII,736p
942
_2
ddc
_c
BK
999
_c
3116
_d
3116